| 000 | 00365nam a22001577a 4500 | ||
|---|---|---|---|
| 003 | MACL | ||
| 005 | 20151125120650.0 | ||
| 008 | 151125b xxu||||| |||| 00| 0 eng d | ||
| 040 | _cMACL | ||
| 041 | _aEnglish | ||
| 082 | _a827/GHO | ||
| 100 |
_aGhosh,Nemai _918143 |
||
| 245 | _aManik-Da Memories of Satyajit Ray | ||
| 650 |
_aMemories _918144 |
||
| 942 |
_2ddc _cBK |
||
| 999 |
_c51082 _d51082 |
||